Das Fliegeralphabet nach internationalem ICAO Standard - Statistiken

Allgemein
  • Dieses Quiz wurde 609 mal gespielt
  • Das Durchschnittsergebnis liegt bei 20 aus 26
Antwortstatistiken
Hint Antwort % Korrekt
A Alpha
86%
B Bravo
84%
C Charlie
84%
D Delta
84%
I India
80%
H Hotel
79%
X X-Ray
79%
E Echo
78%
Z Zulu
78%
G Golf
77%
J Juliet
77%
K Kilo
77%
L Lima
77%
Y Yankee
77%
Q Quebec
75%
R Romeo
75%
N November
74%
S Sierra
74%
T Tango
74%
W Whiskey
74%
M Mike
73%
P Papa
73%
F Foxtrott
72%
O Oscar
71%
U Uniform
71%
V Victor
70%
Keine übereinstimmenden Quizze gefunden
Verteilung der Resultate
Anzahl Personen mit jedem Resultat
Perzentil nach korrekt beantworteten Fragen
Ihre Resultats-Entwicklung
Sie haben dieses Quiz noch nicht gespielt